000 01150ncm0a2200325 4500
001 RU\NLR\ONIZ\226534
005 20250626172723.0
035 _aRU\NLR\ONIZ\GALA\5000034768\20190531160809
035 _a(NLR Aleph) 012031457
090 _a11554270
_c11554270
100 _a20190531d2018 |||y0rusy50 ca
101 0 _arus
102 _aRU
125 _aax
200 1 _aКласс фольклорного ансамбля
_bНоты
_eучеб.-метод. пособие
_fС. Ц. Маншеева
210 _aУлан-Удэ
_cФГБОУ ВО ВСГИК
_d2018
215 _a48 с.
_d29 см
606 1 _aБурятский песенный фольклор
_2nlr_sh
686 _aЩ92(2Р=Буря)-4я43
_vLBC/SL
_2rubbk
700 1 _9z01790
_aМаншеева
_bС. Ц.
_gСоёлма Цыдыповна
_4070
_7ca
790 1 _9z01700
_aManšeeva
_bS.
_gSojolma
_4070
_7ba
801 0 _aRU
_bNLR
_c20190531
_gPSBO
801 1 _aRU
_bNLR
_c20190531
_2rusmarc
801 2 _aRU
_bNLR
_c20190605
852 _aNLR
_bМ
_jК-3/29905
_p268213
_t1
852 _aNLR
_bМ
_jК-3/29905а
_p268214
_t2
942 _cSCORE
980 _aNB
980 _aONIZ